000 nam a22 7a 4500
999 _c15406
_d15406
008 161031b xxu||||| |||| 00| 0 eng d
020 _a9780073054612
020 _a0073054615
050 _aQM 25 .M32 2013
100 _aMcKinley, Michael P.
245 _aAnatomy and Physiology:
_ban integrative approach/
_cMichael P. Mckinley, Valerie Dean O'Louglin and theresa Stouter Biddle
260 _aNew York:
_bMcGraw-Hill,
_c2013
300 _axxxviii, 1169p. :
_bill. ;
_c29cm
500 _aIncludes index.
650 _aHuman anatomy.
650 _aHuman physiology.
700 _aO'Loughlin, Valerie Dean
700 _aBiddle, Theresa Stouter
942 _2lcc
_cBOOKS
_hQM 25 .M32 2013